| 000 -LEADER |
| fixed length control field |
01954cam a22004218i 4500 |
| 001 - CONTROL NUMBER |
| control field |
20740391 |
| 003 - CONTROL NUMBER IDENTIFIER |
| control field |
NUST |
| 005 - DATE AND TIME OF LATEST TRANSACTION |
| control field |
20230314132928.0 |
| 008 - FIXED-LENGTH DATA ELEMENTS--GENERAL INFORMATION |
| fixed length control field |
181105s2019 nju b 001 0 eng |
| 010 ## - LIBRARY OF CONGRESS CONTROL NUMBER |
| LC control number |
2018049251 |
| 020 ## - INTERNATIONAL STANDARD BOOK NUMBER |
| International Standard Book Number |
9781119217367 (hardcover) |
| 035 ## - SYSTEM CONTROL NUMBER |
| System control number |
(DNAL)1394963 |
| 040 ## - CATALOGING SOURCE |
| Original cataloging agency |
DNAL/DLC |
| Language of cataloging |
eng |
| Description conventions |
rda |
| Transcribing agency |
DNAL |
| 042 ## - AUTHENTICATION CODE |
| Authentication code |
pcc |
| 050 00 - LIBRARY OF CONGRESS CALL NUMBER |
| Classification number |
GB1201.7 |
| Item number |
.W55 2019 |
| 070 0# - NATIONAL AGRICULTURAL LIBRARY CALL NUMBER |
| Classification number |
GB1201.7 |
| Item number |
.W55 2019 |
| 082 00 - DEWEY DECIMAL CLASSIFICATION NUMBER |
| Classification number |
551.483 WIL |
| Edition number |
23 |
| Author Mark |
WIL |
| 100 1# - MAIN ENTRY--PERSONAL NAME |
| Personal name |
Williams, John G., |
| Dates associated with a name |
1941- |
| Relator term |
author. |
| 9 (RLIN) |
110272 |
| 245 10 - TITLE STATEMENT |
| Title |
Environmental flow assessment : |
| Remainder of title |
methods and applications / |
| Statement of responsibility, etc. |
John G. Williams, Peter B. Moyle, Angus Webb, G. Mathias Kondolf. |
| 263 ## - PROJECTED PUBLICATION DATE |
| Projected publication date |
1904 |
| 264 #1 - PRODUCTION, PUBLICATION, DISTRIBUTION, MANUFACTURE, AND COPYRIGHT NOTICE |
| Place of production, publication, distribution, manufacture |
Hoboken, NJ : |
| Name of producer, publisher, distributor, manufacturer |
John Wiley & Sons, Inc., |
| Date of production, publication, distribution, manufacture, or copyright notice |
2019. |
| 300 ## - PHYSICAL DESCRIPTION |
| Extent |
pages cm |
| 336 ## - CONTENT TYPE |
| Content type term |
text |
| Source |
rdacontent |
| 337 ## - MEDIA TYPE |
| Media type term |
unmediated |
| Source |
rdamedia |
| 338 ## - CARRIER TYPE |
| Carrier type term |
volume |
| Source |
rdacarrier |
| 504 ## - BIBLIOGRAPHY, ETC. NOTE |
| Bibliography, etc. note |
Includes bibliographical references and index. |
| 505 0# - FORMATTED CONTENTS NOTE |
| Formatted contents note |
An introduction to environmental flows -- A brief history of environmental flow assessment -- A primer on flow in rivers and streams -- Life in and around streams -- Tools for environmental flow assessment -- Environmental flow methods -- Good modeling practice for EFA -- Dams and channel morphology -- Improving the use of existing evidence and expert opinion in environmental flow assessments -- Summary conclusions and recommendations. |
| 650 #0 - SUBJECT ADDED ENTRY--TOPICAL TERM |
| Topical term or geographic name entry element |
Stream measurements. |
| 9 (RLIN) |
39981 |
| 650 #0 - SUBJECT ADDED ENTRY--TOPICAL TERM |
| Topical term or geographic name entry element |
Stream ecology. |
| 9 (RLIN) |
110273 |
| 650 #0 - SUBJECT ADDED ENTRY--TOPICAL TERM |
| Topical term or geographic name entry element |
Environmental impact analysis. |
| 9 (RLIN) |
5774 |
| 700 1# - ADDED ENTRY--PERSONAL NAME |
| Personal name |
Moyle, Peter B., |
| Relator term |
author. |
| 9 (RLIN) |
110274 |
| 700 1# - ADDED ENTRY--PERSONAL NAME |
| Personal name |
Webb, Angus, |
| Dates associated with a name |
1971- |
| Relator term |
author. |
| 9 (RLIN) |
110275 |
| 700 1# - ADDED ENTRY--PERSONAL NAME |
| Personal name |
Kondolf, G. Mathias, |
| Relator term |
author. |
| 9 (RLIN) |
110276 |
| 776 08 - ADDITIONAL PHYSICAL FORM ENTRY |
| Relationship information |
Online version: |
| Main entry heading |
Williams, John G., 1941- author. |
| Title |
Environmental flow assessment |
| Place, publisher, and date of publication |
Hoboken, NJ : John Wiley & Sons, Inc., 2019 |
| International Standard Book Number |
9781119217398 |
| Record control number |
(DLC) 2018056504 |
| 906 ## - LOCAL DATA ELEMENT F, LDF (RLIN) |
| a |
7 |
| b |
cbc |
| c |
orignew |
| d |
1 |
| e |
ecip |
| f |
20 |
| g |
y-gencatlg |
| 942 ## - ADDED ENTRY ELEMENTS (KOHA) |
| Source of classification or shelving scheme |
|
| Koha item type |
Book |